000 00799nam a2200229 a 4500
001 BRCA_2212
005 20190320203722.0
008 930807s1981 mx-a---##b---#001-0#spa-#
040 _aDLC
_cDLC
050 4 _aN6415.B3
_b.T68 1981
100 1 _aTovar de Teresa, Guillermo
_d1956-
_9559
245 1 0 _aMéxico barroco
_cGuillermo Tovar de Teresa ; realización y diseño Beatrice Trueblood.
260 _aMéxico
_bSecretaria de Asentamientos Humanos y Obras Públicas
_c1981
300 _a332 p.
_bil. (algunas a color)
_c32 cm.
500 _aIncluye índice general alfabético
504 _aBibliografía: p. 323-328
650 1 4 _aArte mexicano
_92321
650 1 4 _aArte barroco
_zMéxico
_92322
650 1 4 _aArte colonial
_zMéxico
_96662
700 1 _aTrueblood, Beatrice
_9615
942 _2lcc
_cB
999 _c1968
_d1968